000 02425nam a2200385 i 4500
001 ebr10801894
003 CaPaEBR
006 m o d
007 cr cn|||||||||
008 110404t20112011njua obf 000 0 eng|d
020 _z9781556429491 (pbk.)
020 _a9781617117480 (e-book)
040 _aCaPaEBR
_beng
_erda
_epn
_cCaPaEBR
050 1 4 _aRC951
_b.E88 2011eb
082 0 4 _a617.5/74
_222
245 0 0 _aEvaluation and management of common upper extremity disorders :
_ba practical handbook /
_cedited by Rachel S. Rohde, Peter J. Millett.
264 1 _aThorofare, New Jersey :
_bSlack Inc.,
_c[2011]
264 4 _c�2011
300 _a1 online resource (293 pages) :
_billustrations
336 _atext
_2rdacontent
337 _acomputer
_2rdamedia
338 _aonline resource
_2rdacarrier
504 _aIncludes bibliographical references.
520 _a"Evaluation and Management of Common Upper Extremity Disorders: A Practical Handbook answers the need for a comprehensive, yet concise reference that addresses practical solutions to everyday conditions that general orthopedic surgeons, and specialists alike, as well those involved with general musculoskeletal surgical and nonsurgical care, may encounter. This book provides information on how to diagnose, treat, and manage the most commonly encountered conditions of the upper extremity. Written in a bullet format, and including photos for quick, easy reference, the book contains valuable information for all levels of training and experience"--Provided by publisher.
588 _aDescription based on print version record.
590 _aElectronic reproduction. Palo Alto, Calif. : ebrary, 2013. Available via World Wide Web. Access may be limited to ebrary affiliated libraries.
650 0 _aArm
_xDiseases
_xTreatment
_vHandbooks, manuals, etc.
650 0 _aArm
_xWounds and injuries
_xTreatment
_vHandbooks, manuals, etc.
655 0 _aElectronic books.
700 1 _aRohde, Rachel S.,
_d1973-
700 1 _aMillett, Peter J.
_q(Peter James),
_d1967-
776 0 8 _iPrint version:
_tEvaluation and management of common upper extremity disorders : a practical handbook.
_dThorofare, New Jersey : Slack Inc., [2011]
_hxii, 278 pages ; 18 cm
_z9781556429491
_w(DLC)10801894
797 2 _aebrary.
856 4 0 _uhttp://site.ebrary.com/lib/rucke/Doc?id=10801894
_zAn electronic book accessible through the World Wide Web; click to view
999 _c144354
_d144354